| 000 | 00833nam a2200277 i 4500 | ||
|---|---|---|---|
| 999 |
_c200445228 _d63440 |
||
| 003 | TR-AnTOB | ||
| 005 | 20221004102038.0 | ||
| 007 | ta | ||
| 008 | 211119s1997 tu 00| 0 tur d | ||
| 040 |
_aTR-AnTOB _beng _erda _cTR-AnTOB |
||
| 041 | 0 | _atur | |
| 050 | 1 | 4 |
_aLB2351 _b.Ü55 1997 |
| 090 |
_aLB2351 _b.Ü55 1997 |
||
| 245 | 0 | 0 | _aÜniversiteye giriş. |
| 264 | 1 |
_aAnkara : _bTürkiye Bilimler Akademisi, _c1997. |
|
| 300 |
_av, 89 pages ; _c24 cm |
||
| 336 |
_2rdacontent _atext _btxt |
||
| 337 |
_2rdamedia _aunmediated _bn |
||
| 338 |
_2rdacarrier _avolume _bnc |
||
| 490 | 0 |
_aBilimsel toplantı serileri ; _v6 |
|
| 653 | _aÜniversiteler ve yüksekokullar--Türkiye--Giriş koşulları | ||
| 710 | 2 |
_aTürkiye Bilimler Akademisi _927420 |
|
| 942 |
_2lcc _cBK |
||